| 000 | 00489nam a2200157 4500 | ||
|---|---|---|---|
| 001 | 123418 | ||
| 003 | ES-MaACL | ||
| 005 | 20230906192154.0 | ||
| 007 | t| | ||
| 008 | 070214s1919 fr r ||||1| fre d | ||
| 100 | 1 |
_aQueyrat, Frédéric. _994604 |
|
| 245 | 1 | 2 |
_aL'emulation et son rôle dans l'education _b: etude de psychologie appliquée / _cpar Frédéric Queyrat. |
| 260 |
_aParis : _b[s.n.], _c1919 ( _fE. Arrault) |
||
| 300 |
_aXII, 163 p. ; _c19 cm. |
||
| 852 |
_aES-MaACL _jF-11628 |
||
| 999 |
_c123418 _d123418 |
||